Culture Générale #19 - Statistiques

Statistiques générales
  • Ce quiz a été pris 162 fois
    77 depuis la dernière actualisation
  • Le résultat moyen est 9 sur 20
Statistiques - réponses
Questions Réponses % Correct
Quel est le nom du premier empereur romain ? Auguste
73%
Quelle ville était à la base choisie au début comme cible de la bombe atomique mais annulée car trop importante culturellement ? Kyoto
73%
En quel année l'Espagne rejoint t'elle l'union européenne ? 1986
68%
Comment se nomme la période de janvier 1920 à décembre 1933 durant laquelle l'alcool était interdit à la vente aux USA ? la prohibition
68%
Quel est le nom de la déesse romaine de l'amour et de la beauté ? Vénus
63%
Quel est la céréale la plus cultivé au monde ? Maïs
60%
Dans quel tour se trouve le Muezzin lorsqu'il chante la prière ? le minaret
55%
Comment nomme t'on le signe qui abaisse la hauteur d’un demi-ton en musique ? le bémol
52%
Grâce à quel chanson de Queen Lady Gaga à t'elle choisi son nom ? Radio Gaga
50%
Comment se nomme le mouvement artistique dont font partie Andy Warhol et Roy Liechtenstein ? le Pop Art
45%
Quel est l'infinitif du verbe de la phrase suivante : "Ci-gît le défunt" ? Gésir
42%
Comment s'appelle le conquistador qui à défait les aztèques ? Hernan Cortès
42%
Quel est le nom de la seul gymnaste de l'histoire à avoir obtenu la note de 10/10 (aux Jeux Olympiques de Montréal en 1976) ? Nadia Comăneci
37%
Quel organe joue un rôle majeur dans le renouvellement et l'immunité du sang ? la rate
35%
Quel est le nom de la société qui a développé le jeu vidéo "League of Legends" ? Riot Games
35%
Comment s'appelle le compositeur franco-roumain de bandes originales de "la boum" et "les aventures de Rabbi Jacob" ? Vladimir Cosma
35%
Quel arbre est connue pour servir à produire le caoutchouc ? Hévéa
33%
Quel maladie est causé par le Basile de Koch ? Tuberculose
33%
En quel année le cardinal Richelieu a t'il fondé l'académie française ? 1634
27%
Quel est le deuxième sommet d'Afrique ? mont Kenya
13%
Aucun quiz correspondant
Distribution des résultats
% des personnes avec chaque résultat
Percentile par nombre de réponses
Votre historique - résultats
Vous n’avez pas pris ce quiz depuis la dernière actualisation